[Event "EIO (Open)"]
[Site "Pocatello, ID"]
[Date "2010.09.18"]
[Round "3.4"]
[White "Edvalson, Paul F"]
[Black "Stewart, David Wayne"]
[Result "0-1"]
[WhiteElo "1236"]
[BlackElo "1638"]

1. e4 g6 2. d4 d6 3. Nc3 Bg7 4. Be3 a6 5. a4 Nd7 6. Nf3 e5 7. d5 Ngf6 8. h3
O-O 9. Bd3 c6 10. dxc6 bxc6 11. Bc4 Ne8 12. Qd2 Rb8 13. O-O-O Nb6 14. Bb3 Be6
15. Bxe6 fxe6 16. Bh6 Nc4 17. Bxg7 Nxd2 18. Bxf8 Nxf3 19. gxf3 Kxf8 20. h4 Qb6
21. b3 Qb4 22. Kb2 c5 23. Rd3 c4 {#R} 0-1

[Event "EIO (Open)"]
[Site "Pocatello, ID"]
[Date "2010.09.18"]
[Round "3.5"]
[White "Mason, Samuel Reed"]
[Black "Finch, Douglas W"]
[Result "1-0"]
[WhiteElo "1459"]
[BlackElo "1425"]

1. d4 Nf6 2. c4 e6 3. a3 d5 4. cxd5 Nxd5 5. Nc3 Nxc3 6. bxc3 Bd6 7. g3 Bd7 8.
Bg2 Bc6 9. Bxc6+ Nxc6 10. Rb1 Rb8 11. Nf3 O-O 12. O-O Qe7 13. a4 Rfd8 14. Qc2
f6 15. Nd2 Ba3 16. Bxa3 Qxa3 17. Rb2 Qe7 18. Rfb1 b6 19. Qe4 Na5 20. Qd3 Rd7
21. Nc4 Nxc4 22. Qxc4 Rbd8 23. Qa6 c5 24. e3 cxd4 25. cxd4 Rc7 26. a5 Qa3 27.
Rb5 Rdc8 28. R5b3 Rc1+ 29. Kg2 Qa4 30. Rxc1 Rxc1 31. Qb5 Qxb5 32. Rxb5 Rc6 33.
Kf3 Kf7 34. h4 Ke7 35. axb6 Rxb6 36. Rh5 h6 37. Ra5 a6 38. Ke4 Kd6 39. h5 Ke7
40. Kd3 Kd6 41. Kc2 Ke7 42. Ra3 Kd6 43. e4 Ke7 44. Rb3 Rd6 45. Rb7+ Kf8 46.
Kd3 f5 47. Rb8+ Kf7 48. Rb7+ Kf8 49. e5 Rc6 50. Ra7 Rb6 51. Kc3 Rc6+ 52. Kb4
Rc2 53. Rxa6 Rxf2 54. Rxe6 f4 55. gxf4 Rxf4 56. Kc5 Rf1 57. Rc6 Rf5 58. Kd6
Rxh5 59. e6 Rf5 60. Rc8# 1-0

[Event "EIO (Open)"]
[Site "Pocatello, ID"]
[Date "2010.09.19"]
[Round "4.1"]
[White "Abderhalden, Katherine Louise"]
[Black "Manross, Sean"]
[Result "0-1"]
[WhiteElo "1697"]
[BlackElo "1805"]

1. d4 d5 2. Bf4 Nf6 3. Nf3 Bf5 4. e3 e6 5. c4 Bxb1 6. Rxb1 Bb4+ 7. Nd2 Ne4 8.
Qa4+ Nc6 9. Rd1 Nxd2 10. Rxd2 Bxd2+ 11. Kxd2 O-O 12. Bd3 Qe7 13. a3 dxc4 14.
Qxc4 e5 15. Bg3 exd4 16. exd4 Rad8 17. Rd1 Rxd4 18. Qc3 Rfd8 19. Kc2 Qd7 20.
b3 Qe7 21. Kb2 Rxd3 {#R} 0-1

[Event "EIO (Open)"]
[Site "Pocatello, ID"]
[Date "2010.09.19"]
[Round "4.2"]
[White "Stewart, David Wayne"]
[Black "Abderhalden, Richard Robert"]
[Result "1-0"]
[WhiteElo "1638"]
[BlackElo "1487"]

1. e4 e5 2. Nf3 Nc6 3. Bb5 d6 4. h3 Bd7 5. c3 Nf6 6. d3 a6 7. Ba4 b5 8. Bc2 h6
9. Nbd2 Qe7 10. Nf1 d5 11. Ng3 Rd8 12. Qe2 Qe6 13. O-O Bd6 14. Nf5 O-O 15. Kh1
Kh7 16. exd5 Nxd5 17. d4 g6 18. Nxd6 Qxd6 19. dxe5 Qe7 20. Qd2 Bf5 21. Qxh6+
Kg8 22. Bxf5 gxf5 23. Qxc6 {#r} 1-0

[Event "EIO (Open)"]
[Site "Pocatello, ID"]
[Date "2010.09.19"]
[Round "4.3"]
[White "Kircher, Caleb Paul"]
[Black "Abernathy, Caleb Patrick"]
[Result "1-0"]
[WhiteElo "1667"]
[BlackElo "1478"]

1. d4 Nf6 2. Nc3 e6 3. e4 Bb4 4. Bg5 h6 5. Bxf6 Qxf6 6. Nge2 d6 7. a3 Bxc3+ 8.
Nxc3 O-O 9. Qd2 c6 10. Be2 e5 11. d5 c5 12. O-O Qg6 13. Kh1 Nd7 14. Rae1 Nb6
15. b3 f5 16. f3 a6 17. Bd3 fxe4 18. Nxe4 Bf5 19. g4 Bxe4 20. Bxe4 Qg5 21. Qe2
Rf4 22. Rg1 Nd7 23. Bf5 Nf6 24. Qf2 g6 25. Be6+ Kg7 26. h4 Rxf3 27. Qxf3 Qxh4+
28. Kg2 {#r} 1-0

[Event "EIO (Open)"]
[Site "Pocatello, ID"]
[Date "2010.09.19"]
[Round "4.4"]
[White "Mason, Samuel Reed"]
[Black "Owen, Gary"]
[Result "0-1"]
[WhiteElo "1459"]
[BlackElo "1612"]

1. d4 Nf6 2. c4 g6 3. Nc3 Bg7 4. e4 O-O 5. f3 d6 6. Be3 Nc6 7. Nge2 Bd7 8. Qd2
e5 9. g4 a5 10. h4 h5 11. gxh5 Nxh5 12. Bg5 Qe8 13. Rg1 Nxd4 14. Nxd4 exd4 15.
Nd5 Qb8 16. Bh6 c5 17. Nb6 Qd8 18. Nxa8 Qxh4+ 19. Kd1 Rxa8 20. Bxg7 Kxg7 21.
Qg5 Qf2 22. Be2 d3 23. Bxd3 Qxb2 24. Qc1 Qd4 25. Kd2 Nf4 26. Qc3 f6 27. Qxd4
cxd4 28. Rgb1 Bc6 29. Rg1 a4 30. a3 g5 31. Rh1 Ne6 32. Rh2 Nc5 33. Rah1 Ra6
34. Rh7+ Kg8 35. Rc7 Bd7 36. e5 fxe5 37. Rh7 e4 38. Rhxd7 Nxd7 39. Bxe4 Nc5
40. Bxb7 Rb6 41. Bd5+ Kh8 42. Rc8+ Kg7 43. Rc6 Rxc6 44. Bxc6 Kf6 45. Ke2 Ke5
46. Kf2 Kf5 47. Be8 d3 48. Bc6 Ke5 49. Ke1 Kd4 50. Bb5 Kc3 51. Kd1 Kb3 52. Kd2
Kxa3 53. Bxa4 Kxa4 54. Kd1 Kb3 55. Kd2 Kxc4 56. Kd1 Kc3 57. Kc1 Nb3+ 58. Kd1
Nd4 59. f4 gxf4 60. Kc1 f3 61. Kd1 f2 62. Kc1 f1=Q# 0-1

[Event "EIO (Open)"]
[Site "Pocatello, ID"]
[Date "2010.09.19"]
[Round "4.5"]
[White "Finch, Douglas W"]
[Black "Edvalson, Paul F"]
[Result "0-1"]
[WhiteElo "1425"]
[BlackElo "1236"]

1. d4 d5 2. Nf3 f5 3. Ne5 Nf6 4. e3 e6 5. Nc3 Nbd7 6. h3 Bb4 7. Bd2 O-O $2 8.
g4 Bxc3 9. Bxc3 Nxe5 10. Bb4 Rf7 11. dxe5 Ne4 12. f4 Qh4+ 13. Ke2 Qf2+ 14. Kd3
c5 15. c4 cxb4 16. Rc1 dxc4+ 17. Kxc4 b5+ 18. Kb3 Qxe3+ 19. Kxb4 a5+ 20. Kxb5
Bd7+ 21. Qxd7 Rxd7 22. Bc4 Qc5+ {#R} 0-1

[Event "EIO (Open)"]
[Site "Pocatello, ID"]
[Date "2010.09.19"]
[Round "5.1"]
[White "Stewart, David Wayne"]
[Black "Manross, Sean"]
[Result "0-1"]
[WhiteElo "1638"]
[BlackElo "1805"]

1. e4 e6 2. Nf3 d5 3. Nc3 d4 4. Ne2 c5 5. c3 dxc3 6. bxc3 b6 7. Ng3 Bb7 8.
Bb5+ Nd7 9. d4 Ngf6 10. Bg5 Be7 11. Ne5 O-O 12. Nc6 Bxc6 13. Bxc6 Rc8 14. d5
Nb8 15. e5 Nxd5 16. Bxd5 Bxg5 17. Bf3 Qxd1+ 18. Rxd1 Rfd8 19. O-O Nd7 20. Bb7
Rb8 21. f4 Bxf4 22. Rxf4 Rxb7 23. Ne4 Rbb8 24. Rxd7 Rxd7 25. Nd6 Rbd8 {#R} 0-1

[Event "EIO (Open)"]
[Site "Pocatello, ID"]
[Date "2010.09.19"]
[Round "5.2"]
[White "Kircher, Caleb Paul"]
[Black "Abderhalden, Katherine Louise"]
[Result "0-1"]
[WhiteElo "1667"]
[BlackElo "1697"]

1. e4 c5 2. Nf3 Nc6 3. Bb5 d6 4. Bxc6+ bxc6 5. O-O Nf6 6. e5 Nd5 7. h3 Bf5 8.
d3 h6 9. Nbd2 Qc7 10. Nc4 Nb6 11. exd6 exd6 12. Re1+ Be7 13. Qe2 Be6 14. Ncd2
O-O 15. d4 d5 16. b3 Bf6 17. Ba3 Nd7 18. Rad1 Rfe8 19. Qd3 cxd4 20. Nxd4 Ne5
21. Qg3 Bd7 22. Bb2 Qb6 23. c3 c5 24. f4 cxd4 25. fxe5 dxc3+ 26. Kh1 cxb2 27.
exf6 Qxf6 28. Rf1 Qg6 29. Qf3 Bc6 30. Rb1 d4 31. Qf2 Re3 32. Kh2 Rae8 33. Nf3
Bxf3 34. Rxb2 Bc6 35. Rd1 d3 36. Rdd2 Qd6+ 37. g3 Re1 {#R} 0-1

[Event "EIO (Open)"]
[Site "Pocatello, ID"]
[Date "2010.09.19"]
[Round "5.3"]
[White "Edvalson, Paul F"]
[Black "Owen, Gary"]
[Result "1-0"]
[WhiteElo "1236"]
[BlackElo "1612"]

1. e4 e5 2. Nf3 Nf6 3. Nxe5 d6 4. Nf3 Nxe4 5. Nc3 Nxc3 6. dxc3 Nc6 7. Be3 Be7
8. Qd2 O-O 9. O-O-O Bg4 10. Be2 a5 11. h3 Be6 12. Kb1 Qd7 13. g4 d5 14. h4
Rfb8 15. a4 Rd8 16. g5 Bd6 17. h5 Ne5 18. b3 c6 19. Nd4 Ng4 20. Rdg1 Be5 21.
Nxe6 Nxf2 22. Bxf2 Qxe6 23. Bd3 d4 24. g6 h6 25. gxf7+ Kxf7 26. Bc4 Rd5 27.
Rg6 Qd7 28. Bxd4 {#r} 1-0

[Event "EIO (Open)"]
[Site "Pocatello, ID"]
[Date "2010.09.19"]
[Round "5.4"]
[White "Abderhalden, Richard Robert"]
[Black "Abernathy, Caleb Patrick"]
[Result "1/2-1/2"]
[WhiteElo "1487"]
[BlackElo "1478"]

1. e4 d5 2. exd5 Nf6 3. d4 Nxd5 4. Nf3 Bg4 5. c4 Nb6 6. Be3 Nc6 7. d5 Ne5 8.
Bxb6 axb6 9. Be2 Bxf3 10. Bxf3 Nxc4 11. Qe2 Nd6 12. Nc3 g6 13. Qe5 f6 14. Qe2
Bg7 15. O-O O-O 16. a4 c6 17. dxc6 bxc6 18. Bxc6 Rc8 19. Bd5+ Kh8 20. Rac1 f5
21. Qd3 Qd7 22. Rfe1 e5 23. b3 e4 24. Qe3 Rc5 25. Red1 Rfc8 26. Ne2 Rxc1 27.
Rxc1 Rxc1+ 28. Qxc1 Ne8 29. Qc6 Qxc6 30. Bxc6 Nd6 31. Nf4 Kg8 32. Nd5 Bd4 33.
Kf1 Kf7 34. Ke2 Ke6 35. Nc7+ Ke5 36. Nb5 Bc5 37. Nxd6 Bxd6 38. f3 Kd4 39. h3
e3 40. Bb5 f4 41. Bc4 g5 42. Bg8 Kc3 43. Bc4 Kd4 44. Bd3 h6 45. Be4 Ke5 46.
Bg6 Kf6 47. Be8 g4 48. Bd7 {#d} 1/2-1/2

[Event "EIO (Reserve)"]
[Site "Pocatello, ID"]
[Date "2010.09.18"]
[Round "1.1"]
[White "Patterson, Katie Rae"]
[Black "Lang, Jamie"]
[Result "0-1"]
[WhiteElo "979"]
[BlackElo "1359"]

1. e4 e5 2. Nf3 Nc6 3. Nc3 Nf6 4. Bb5 d6 5. O-O Bd7 6. a3 a6 7. Bxc6 Bxc6 8.
d3 Be7 9. Bg5 O-O 10. Re1 Nh5 11. Bxe7 Qxe7 12. d4 Nf4 13. d5 Bd7 14. b3 Bg4
15. h3 Bh5 16. a4 f5 17. exf5 Rxf5 18. b4 Rg5 19. g3 Nxh3+ 20. Kg2 Nf4+ 21.
Kh2 Rf8 22. gxf4 Rxf4 23. Qd3 Bxf3 24. Qf1 Rh4+ 25. Qh3 Rg2+ 26. Kh1 Rxh3# 0-1

[Event "EIO (Reserve)"]
[Site "Pocatello, ID"]
[Date "2010.09.18"]
[Round "1.2"]
[White "Hollingsworth, Gary M"]
[Black "Seekamp III, John Edwin"]
[Result "1-0"]
[WhiteElo "1277"]
[BlackElo "680"]

1. d4 d5 2. c4 dxc4 3. e3 Be6 4. Nc3 Nc6 5. d5 Bxd5 6. Qxd5 Qxd5 7. Nxd5 O-O-O
8. Bxc4 e6 9. Nc3 Nb4 10. Bb3 Nf6 11. Nf3 Nd3+ 12. Ke2 Ng4 13. Rf1 Nde5 14.
Nxe5 Nxe5 15. h3 h5 16. Rd1 g5 17. Rxd8+ Kxd8 18. e4 g4 19. h4 {(Now an
illegal move was played. En passant is illegal here because the h-pawn moved
only one square, not two. The conclusion of the game is as follows: 19...gxh3
20. gxh3 f5 21. Bxe6 fxe4 22. Nxe4 a5 23. Bg5+ Be7 24. Rd1+ Ke8 25. f4 Nc6 26.
Bd7+ Kf8 27. Bxc6 bxc6 28. Rd7 Bd6 29. Rd8+ Kg7 30. Bf6+ Kf7 31. Bxh8 Bxf4 32.
Kf3 Bc1 33. Rc8 c5 34. Rxc7+ Kg8 35. Nf6+ Kxh8 36. Rh7#)} 1-0

[Event "EIO (Reserve)"]
[Site "Pocatello, ID"]
[Date "2010.09.18"]
[Round "2.1"]
[White "Lang, Jamie"]
[Black "Srinivasan, Vishwa"]
[Result "1-0"]
[WhiteElo "1359"]
[BlackElo "1138"]

1. e4 d6 2. d4 Nf6 3. Nc3 g6 4. Nf3 Bg7 5. Bc4 O-O 6. O-O Bg4 7. h3 Bh5 8. g4
Nxg4 9. hxg4 Bxg4 10. Be2 Qd7 11. Ne5 dxe5 12. Bxg4 Qxd4 13. Be3 Qxd1 14.
Raxd1 Nc6 15. Rd7 Rac8 16. Nd5 Rfd8 17. Rxe7 Nxe7 18. Nxe7+ Kf8 19. Nxc8 Bf6
20. Rd1 Re8 21. Nxa7 Kg7 22. Rd7 Bd8 23. Nb5 c6 24. Nd6 Rh8 25. Rxf7+ Kg8 26.
Bh6 {#r} 1-0

[Event "EIO (Reserve)"]
[Site "Pocatello, ID"]
[Date "2010.09.18"]
[Round "3.2"]
[White "Srinivasan, Vishwa"]
[Black "Patterson, Kevin R"]
[Result "1/2-1/2"]
[WhiteElo "1138"]
[BlackElo "1270"]

1. d4 c6 2. c4 d5 3. Nf3 Nf6 4. Nc3 h6 5. e3 e6 6. Bd2 c5 7. dxc5 Bxc5 8. cxd5
Nxd5 9. Qb3 Nf6 10. Qb5+ Nbd7 11. Bc4 Qb6 12. a4 Qxb5 13. Nxb5 O-O 14. O-O b6
15. Nc7 Rb8 16. Bb5 Bb7 17. Bc3 Bxf3 18. gxf3 Rbc8 19. Na6 Be7 20. Rfd1 Rfd8
21. Rd2 Nc5 22. Rad1 Rxd2 23. Rxd2 Nxa6 24. Bxa6 Rd8 25. Rxd8+ Bxd8 26. Kg2
Be7 27. Kg3 Nd5 28. Be5 Nb4 29. Bc8 Bd8 30. Bd6 a5 31. Kf4 Bc7 32. Bxc7 Nd5+
33. Ke5 Nxc7 34. Kd4 Kf8 35. Ke5 Ke7 {#d} 1/2-1/2

[Event "EIO (Reserve)"]
[Site "Pocatello, ID"]
[Date "2010.09.18"]
[Round "3.3"]
[White "Patterson, Katie Rae"]
[Black "Seekamp III, John Edwin"]
[Result "0-1"]
[WhiteElo "979"]
[BlackElo "680"]

1. c4 e5 2. Nc3 Nc6 3. Nf3 Nf6 4. g3 d5 5. b3 d4 6. Nb1 Bf5 7. Na3 Bb4 8. Bg2
e4 9. Nh4 g6 10. Nxf5 gxf5 11. O-O Ng4 12. f3 exf3 13. Rxf3 Qf6 14. d3 Ne3 15.
Bxe3 dxe3 16. Rxe3+ Ne7 17. Nb5 O-O-O 18. Nxa7+ Kb8 19. Nb5 Bc5 20. Qd2 Qxa1+
21. Kf2 Rhe8 22. Nc3 Nc6 23. Bxc6 Bxe3+ 24. Kg2 Bxd2 25. Bxe8 Bxc3 26. Bxf7
Qxa2 27. Kf2 Qxb3 28. Be6 Bd4+ 29. Ke1 Bg1 30. h3 Bh2 31. g4 fxg4 32. Bxg4 Rg8
33. Be6 Qc3+ 34. Kf2 Qd4+ 35. Kf1 Qg1# 0-1

[Event "EIO (Reserve)"]
[Site "Pocatello, ID"]
[Date "2010.09.19"]
[Round "4.1"]
[White "Lang, Jamie"]
[Black "Seekamp III, John Edwin"]
[Result "1-0"]
[WhiteElo "1359"]
[BlackElo "680"]

1. e4 e5 2. d4 Nc6 3. d5 Nd4 4. c3 Nb5 5. Bxb5 Nf6 6. Bg5 h6 7. Bxf6 Qxf6 8.
Qf3 Qb6 9. Qe2 Be7 10. Nf3 O-O 11. Nxe5 c6 12. dxc6 bxc6 13. Bc4 d5 14. Nd7
Bxd7 15. exd5 cxd5 16. Bxd5 Rae8 17. O-O Bb5 18. c4 Ba6 19. Nc3 Bb7 20. b3
Bxd5 21. Nxd5 Bf6 22. Qxe8 Rxe8 23. Nxb6 Bxa1 24. Rxa1 axb6 25. g3 g5 26. a4
f5 27. a5 Ra8 28. a6 f4 29. Kg2 fxg3 30. hxg3 g4 31. a7 Kf7 32. f3 h5 33. f4
Kf6 34. b4 Ke6 35. Ra6 Kd7 36. c5 bxc5 37. bxc5 Kc7 38. f5 Kb7 39. Ra5 Kc8 40.
f6 Kd8 41. c6 Kc7 42. f7 Kxc6 43. f8=Q Rxf8 44. a8=Q+ Rxa8 45. Rxa8 Kd5 46.
Rh8 Ke4 47. Rxh5 Ke3 48. Rg5 Ke2 49. Rxg4 Ke1 50. Rf4 Kd1 51. g4 Kc1 52. g5
Kb1 53. g6 Ka1 54. g7 Ka2 55. g8=Q+ Ka3 56. Qb8 Ka2 57. Ra4# 1-0

[Event "EIO (Reserve)"]
[Site "Pocatello, ID"]
[Date "2010.09.19"]
[Round "4.3"]
[White "Patterson, Kevin R"]
[Black "Patterson, Katie Rae"]
[Result "1-0"]
[WhiteElo "1270"]
[BlackElo "979"]

1. c4 c6 2. Nc3 Nf6 3. Nf3 d5 4. cxd5 Nxd5 5. g3 Bg4 6. Bg2 e6 7. a3 Nd7 8.
O-O h6 9. Re1 Bc5 10. d4 Be7 11. e4 N5f6 12. e5 Nd5 13. Nxd5 cxd5 14. b3 Bf5
15. Bb2 O-O 16. Rc1 Qb6 17. a4 Rac8 18. Qd2 Qxb3 19. a5 Bb4 20. Qd1 Qxb2 21.
Rxc8 Rxc8 22. Re2 Qc1 23. Qxc1 Rxc1+ 24. Bf1 Bd3 25. Rb2 Rxf1+ 26. Kg2 Rb1 27.
Rxb1 Bxb1 {#r} 1-0

[Event "EIO (Reserve)"]
[Site "Pocatello, ID"]
[Date "2010.09.19"]
[Round "5.1"]
[White "Patterson, Kevin R"]
[Black "Lang, Jamie"]
[Result "1/2-1/2"]
[WhiteElo "1270"]
[BlackElo "1359"]

1. e4 e5 2. Nf3 Nc6 3. Bc4 Nf6 4. Nc3 Bc5 5. O-O O-O 6. d3 d6 7. h3 h6 8. a3
a6 9. Ne2 b5 10. Bb3 Qe7 11. Re1 Be6 12. Bxe6 Qxe6 13. Ng3 d5 14. Qd2 dxe4 15.
Nxe4 Bb6 16. Qe2 Rfe8 17. b4 Nd4 18. Nxf6+ Qxf6 19. Nxd4 Bxd4 20. Rb1 Re6 21.
Bb2 Bxb2 22. Rxb2 e4 23. Rb3 exd3 24. Qd2 Rxe1+ 25. Qxe1 dxc2 26. Rc3 Qd6 27.
Rxc2 Rd8 28. Rc1 {#d} 1/2-1/2

[Event "EIO (Reserve)"]
[Site "Pocatello, ID"]
[Date "2010.09.19"]
[Round "5.2"]
[White "Seekamp III, John Edwin"]
[Black "Srinivasan, Vishwa"]
[Result "0-1"]
[WhiteElo "680"]
[BlackElo "1138"]

1. e4 d6 2. d4 Nf6 3. Nc3 g6 4. e5 dxe5 5. dxe5 Qxd1+ 6. Nxd1 Ng4 7. Nf3 Nc6
8. Bb5 Bd7 9. Bxc6 Bxc6 10. h3 Bxf3 11. gxf3 Nxe5 12. f4 Nf3+ 13. Ke2 Nd4+ 14.
Kd2 O-O-O 15. Ke1 Nxc2+ 16. Ke2 Nxa1 17. Ne3 Bh6 18. f5 Bxe3 19. Bxe3 Nc2 20.
Bxa7 Nd4+ 21. Kf1 gxf5 22. Kg2 Rhg8+ 23. Kf1 Nb5 24. Bc5 Rd1+ 25. Ke2 Rxh1 26.
Be3 Rxh3 27. a4 Nd6 28. a5 Rxe3+ 29. fxe3 h5 30. b4 h4 31. b5 h3 32. b6 cxb6
33. axb6 h2 34. e4 h1=Q 35. Kd2 Qh3 36. exf5 Rg2+ 37. Ke1 Qe3+ 38. Kf1 Qe2#
0-1

[Event "EIO (Reserve)"]
[Site "Pocatello, ID"]
[Date "2010.09.19"]
[Round "5.4"]
[White "Simonson, Jay L"]
[Black "Harrison, Nicholas Marc"]
[Result "0-1"]
[WhiteElo "693"]

1. e4 e5 2. Nf3 d6 3. Bc4 Be6 4. Bxe6 fxe6 5. d4 Nf6 6. Ng5 Qe7 7. O-O h6 8.
dxe5 dxe5 9. Nf3 Nbd7 10. Nc3 O-O-O 11. Be3 a6 12. h3 g5 13. Qe2 Kb8 14. Rad1
g4 15. Nh4 gxh3 16. Ng6 Qg7 17. Nxh8 Qxg2# 0-1


[Site "Pocatello, ID"]
[Date "2006.09.15"]
[Round "1.1"]
[White "Watts, Victor G"]
[Black "Nowak, Gregory W"]
[Result "0-1"]
[WhiteElo "1626"]
[BlackElo "2187"]

1. e4 e5 2. Bc4 d6 3. d4 exd4 4. Qxd4 Nc6 5. Qe3 Nf6 6. Ne2 Ne5 7. Bd3 Be7 8.
Nbc3 O-O 9. b3 Re8 10. Bb2 c6 11. Ng3 Qb6 12. Qd2 Bf8 13. Nce2 a5 14. O-O d5
15. exd5 Nxd5 16. Be4 Nf6 17. Rfe1 Bb4 18. c3 Bc5 19. Nd4 Bd7 20. Ngf5 Bxd4
21. cxd4 Ng6 22. Nd6 Nxe4 23. Rxe4 Rxe4 24. Nxe4 a4 25. Qc3 Qa5 26. Qc5 Qxc5
27. Nxc5 Be6 28. Nxa4 b5 29. Nc3 Nf4 30. Rd1 Bd5 31. f3 Re8 32. Kf2 b4 33.
Nxd5 cxd5 34. Rd2 Ra8 35. Bc1 Rc8 36. Ke3 Ne6 37. Bb2 Kf8 38. a3 bxa3 39.
Bxa3+ Ke8 40. g3 Ra8 41. Bc5 Kd7 42. b4 Kc6 43. Kd3 Ra3+ 44. Ke2 Kb5 45. Rd3
Ra8 46. f4 Kc4 47. Re3 g6 48. Kd2 Ra2+ 49. Kd1 Rxh2 50. Rf3 Nxd4 51. Bxd4 Kxd4
52. Kc1 Kc4 53. f5 Kxb4 54. fxg6 fxg6 55. g4 Kc4 56. g5 d4 57. Rf7 Rh5 58. Kd2
Rxg5 59. Rxh7 Rg2+ 60. Ke1 g5 61. Kf1 Ra2 62. Rc7+ Kb4 63. Rb7+ Kc5 64. Rg7
{(time)} {#R} 0-1

[Event "Eastern Idaho Open"]
[Site "Pocatello, ID"]
[Date "2012.09.22"]
[Round "1.1"]
[White "Morrow, Hans M"]
[Black "Pemsler, Carmen"]
[Result "1-0"]
[WhiteElo "1900"]
[BlackElo "1484"]

1. d4 f5 2. c4 Nf6 3. Nc3 g6 4. g3 Bg7 5. Bg2 d6 6. Nf3 Nbd7 7. O-O O-O 8. Re1
Re8 9. Ng5 e6 10. e4 h6 11. Nh3 Nb6 12. b3 fxe4 13. Nxe4 e5 14. dxe5 Nxe4 15.
Rxe4 Bxe5 16. Bxh6 Bxh3 17. Bxh3 Bxa1 18. Qxa1 Re7 19. Bg5 Rxe4 20. Bxd8 Rxd8
21. Qf6 Rde8 22. Qxg6+ Kf8 23. Qf6+ Kg8 24. Bf5 R4e7 25. Qg6+ Kh8 26. h4 Re1+
27. Kg2 R1e7 28. h5 a6 29. Qf6+ Kg8 30. Bg6 {#r} 1-0

[Event "Eastern Idaho Open"]
[Site "Pocatello, ID"]
[Date "2012.09.22"]
[Round "1.2"]
[White "Blake, Lloyd"]
[Black "Corrigan, Michael"]
[Result "0-1"]
[WhiteElo "1061"]
[BlackElo "1767"]

1. Nf3 Nf6 2. d4 e6 3. Nbd2 c5 4. c3 cxd4 5. cxd4 Nc6 6. g3 Bb4 7. Qc2 d5 8.
Bg2 Bd7 9. O-O Rc8 10. Qb3 b6 11. e3 O-O 12. Ne5 Be7 13. a3 Be8 14. Qd3 Nd7
15. Ndf3 Na5 16. Bd2 Nxe5 17. Nxe5 f6 18. Bh3 f5 19. Bxa5 bxa5 20. Rac1 Rxc1
21. Rxc1 Qb6 22. Qd2 Bb5 23. Bf1 Ba4 24. Qc3 Bd6 25. Rb1 Bxe5 26. dxe5 Bd7 27.
Qd4 Qc7 28. b4 axb4 29. Rxb4 a5 30. Qb6 Rc8 31. Qxc7 Rxc7 32. Rb8+ Kf7 33. Bb5
Bxb5 34. Rxb5 a4 35. Ra5 Rc4 36. Ra7+ Kg6 37. Re7 Rc6 38. Ra7 Rc4 39. Kg2 Re4
40. f4 Rxe3 41. Rxa4 Re2+ 42. Kh3 Rc2 43. Ra6 Kf7 44. Rd6 Rc4 45. Rd7+ Kf8 46.
Ra7 d4 47. a4 d3 48. a5 d2 49. Rd7 Ra4 50. Rxd2 Rxa5 51. Kh4 Rd5 52. Rg2 Rd4
53. Kg5 Kf7 54. Kh5 h6 55. h3 Rd8 56. g4 g6+ 57. Kh4 Rd4 58. Rf2 Re4 59. Kg3
Ke7 60. gxf5 exf5 61. Kf3 Re1 62. Rg2 Kf7 63. Rh2 g5 64. fxg5 hxg5 65. Rg2 Kg6
66. h4 g4+ 67. Kf4 Re4+ 68. Kg3 Rxe5 69. Rh2 Re3+ 70. Kg2 Kh5 {#R} 0-1

[Event "Eastern Idaho Open"]
[Site "Pocatello, ID"]
[Date "2012.09.22"]
[Round "1.3"]
[White "Roland, Jeffrey T"]
[Black "Shirts, Kerry Alma"]
[Result "1-0"]
[WhiteElo "1700"]
[BlackElo "789"]

1. d4 Nf6 2. c4 g6 3. Nc3 d6 4. e4 Nc6 5. f3 Bg7 6. Be3 O-O 7. Qd2 e5 8. Nge2
Ne8 9. O-O-O b6 10. Bh6 Ba6 11. Bxg7 Kxg7 12. d5 Na5 13. b3 Qd7 14. Ng3 b5 15.
Nxb5 c6 16. Qxa5 Bxb5 17. cxb5 cxd5 18. exd5 Rc8+ 19. Bc4 Qb7 20. Kb2 Nc7 21.
Ne4 Rfd8 22. h4 f5 23. Ng5 e4 24. Qc3+ Kg8 25. a4 Qb6 26. Ne6 Nxe6 27. dxe6
Kf8 28. Qh8+ Ke7 29. Qg7+ Ke8 30. Qf7# 1-0

[Event "Eastern Idaho Open"]
[Site "Pocatello, ID"]
[Date "2012.09.22"]
[Round "1.4"]
[White "Blake, Isaac"]
[Black "Owen, Gary"]
[Result "0-1"]
[WhiteElo "752"]
[BlackElo "1587"]

1. Nf3 Nf6 2. d3 g6 3. Nbd2 Bg7 4. g3 O-O 5. Bg2 d5 6. O-O Nc6 7. Re1 e5 8. e4
d4 9. c3 dxc3 10. bxc3 Qxd3 11. Bb2 Be6 12. Bf1 Qd7 13. Bb5 Nh5 14. Nxe5 Bxe5
15. Nf3 Bg7 16. Ng5 a6 17. Nxe6 Qxe6 18. Bxc6 Qxc6 19. g4 Nf4 20. Qf3 Be5 21.
Bc1 Qxc3 22. Be3 Nd3 23. Rad1 Rad8 24. Bh6 Rfe8 25. Bd2 Qc2 {#R} 0-1

[Event "Eastern Idaho Open"]
[Site "Pocatello, ID"]
[Date "2012.09.22"]
[Round "1.5"]
[White "Gorman, Cody Austin"]
[Black "Avila, Joe L"]
[Result "1-0"]
[WhiteElo "1383"]
[BlackElo "655"]

1. b3 Nc6 2. f4 Nf6 3. Nf3 d6 4. Bb2 Nd5 5. e3 e6 6. c4 Nf6 7. Nc3 Be7 8. d4
Ng4 9. Qd2 b6 10. h3 Nf6 11. Bd3 Bb7 12. O-O Qd7 13. Rad1 Nh5 14. Qc2 Ng3 15.
Rf2 h5 16. Ne2 h4 17. Qd2 O-O-O 18. e4 Rdf8 19. d5 Nd8 20. Bxg7 Rfg8 21. Bxh8
Rxh8 22. Nxg3 hxg3 23. Re2 Rg8 24. Qe1 e5 25. fxe5 Kb8 26. exd6 Qxd6 27. e5
Qc5+ 28. Kh1 Qb4 29. Qxb4 Bxb4 30. Nd4 Bc3 31. Nf5 Bb4 32. Re3 c6 33. Be4 f6
34. e6 Bc5 35. Rxg3 Rxg3 36. Nxg3 Bd6 37. Nf5 Be5 38. e7 {#r} 1-0

[Event "Eastern Idaho Open"]
[Site "Pocatello, ID"]
[Date "2012.09.22"]
[Round "1.6"]
[White "Nathan, Jacob Ari"]
[Black "Hollingsworth, Gary M"]
[Result "0-1"]
[WhiteElo "665"]
[BlackElo "1365"]

1. e4 Nf6 2. d3 d5 3. Nd2 Nc6 4. Ngf3 e5 5. g3 Bg4 6. Bg2 Nd4 7. O-O Nxf3+ 8.
Nxf3 dxe4 9. dxe4 Qxd1 10. Rxd1 Bd6 11. b3 Nxe4 12. Bb2 f6 13. Nh4 Bxd1 14.
Rxd1 Nc5 15. Nf5 O-O-O 16. Nxg7 Rd7 17. Nf5 Rhd8 18. Bh3 Kb8 19. Ba3 Bf8 20.
Rb1 Rd1+ 21. Rxd1 Rxd1+ 22. Kg2 Ra1 23. c4 Rxa2 24. Bb4 Rb2 25. Bc3 Rxb3 26.
Ba5 b6 27. Bd2 a5 28. Be3 a4 29. Bc1 Nd3 30. Bd2 a3 31. Ne3 a2 32. Be6 a1=Q
33. c5 Rb2 34. Bc3 Rxf2+ 35. Kh3 Qxc3 36. Nd1 Nf4+ 37. Kh4 Rxh2+ 38. Kg4 h5+
39. Kf5 Qd3+ 40. Kxf6 Nd5+ 41. Kf7 Qxd1 42. Kxf8 Rf2+ 43. Ke8 bxc5 44. Bd7 Qf3
45. Be6 Qf8+ 46. Kd7 Qd6+ 47. Ke8 Rf8# 0-1

[Event "Eastern Idaho Open"]
[Site "Pocatello, ID"]
[Date "2012.09.22"]
[Round "2.1"]
[White "Owen, Gary"]
[Black "Morrow, Hans M"]
[Result "1/2-1/2"]
[WhiteElo "1587"]
[BlackElo "1900"]

1. e4 c5 2. Nf3 d6 3. Nc3 Nc6 4. d4 cxd4 5. Nxd4 a6 6. Be2 e5 7. Nb3 Nf6 8.
O-O Be6 9. Be3 Be7 10. Kh1 O-O 11. f4 exf4 12. Bxf4 Ne5 13. Nd4 Qc8 14. Qe1
Ng6 15. Bg5 Qc5 16. Nf5 Qc7 17. Rd1 Rad8 18. Qg3 Ne8 19. Nxe7+ Nxe7 20. Nd5
Bxd5 21. exd5 f6 22. Qh3 Ng6 23. Qe6+ Qf7 24. Bg4 Nc7 25. Qxf7+ Rxf7 26. Be3
Ne5 27. Bh3 Kf8 28. Bf4 g5 29. Bxe5 fxe5 30. c4 b6 31. Rxf7+ Kxf7 32. Rf1+ Ke7
33. Rf5 h6 34. Bg4 Rf8 35. Kg1 Rxf5 36. Bxf5 Kf6 37. g4 a5 38. Kf2 Ne8 39. h3
Ng7 40. Be4 Ke7 41. b3 Kd8 42. a3 Ne8 43. Ke3 Kc7 44. b4 axb4 45. axb4 Nf6 46.
b5 Kd8 47. Bg6 Ke7 48. Kd3 Nd7 49. Ke3 Kf6 50. Bf5 Nc5 51. Bc2 Nb7 52. Bd3 Na5
53. Ke4 Nb3 54. Ke3 Nc5 55. Bc2 {#d} 1/2-1/2